B-Movie or BS? Quiz Stats

 Plays Quiz Updated Feb 22, 2016

Also try: Flick or Treat!
Challenge
Share
Tweet
Embed
Score 0/26 Timer 03:00
2 Plays Today
B-Movie or BS? Type BM or BS % Correct
'The Beast of Yucca Flats'???
64.5%
'The Leech Woman'???
63%
'Monster a-Go Go'???
62.6%
'Attack of the Puppet People'???
62.6%
'Bride of the Gorilla'???
61.4%
'Fetus from Black Hole X'???
60.5%
'Children Shouldn't Play With Dead Things'???
60.4%
'Yog: Monster from Space'???
60.1%
'Wild Gals of the Naked West'???
58.4%
'Motorpsycho!'???
58.1%
'Jesse James Meets Frankenstein's Daughter'???
56.9%
'Night of the Lepus'???
56.9%
'The Devil Thumbs a Ride'???
56.1%
B-Movie or BS? Type BM or BS % Correct
'Hell Comes to Frogtown'???
55.1%
'Beneath Dr. Scalpel's Basement'???
53.4%
'I Eat Your Skin'???
53.4%
'She Gods of Shark Reef'???
52.8%
'Torture! Torture! Torture! Please!'???
52.6%
'Desperate Women, Decapitated Men'???
51.8%
'Fat Zombies Attack'???
51.5%
'The Incredible 2-Headed Transplant'???
51.2%
'My Sister: Prostitute Killer'???
47.6%
'Don't Go Into Science Room C'???
46.3%
'The Slithering Tongue'???
43.9%
'Mummies vs. Mommies'???
40.3%
'Roadkill 2: Back for Gore'???
35.2%

You're not logged in!

Compare scores with friends on all Sporcle quizzes.
OR
Log In

You Might Also Like...

Show Comments

Extras

Top Quizzes Today


Score Distribution

Your Account Isn't Verified!

In order to create a playlist on Sporcle, you need to verify the email address you used during registration. Go to your Sporcle Settings to finish the process.

Report this User

Report this user for behavior that violates our Community Guidelines.

Details: